| 000 | 00960nas a2200313 4500 | ||
|---|---|---|---|
| 001 | BR9508808 | ||
| 003 | BR-BrBNA | ||
| 005 | 20231205095512.0 | ||
| 007 | ta | ||
| 008 | 230509b bl.|||p| |||| 00| 00por d | ||
| 040 |
_aBR-BrBNA _bpor _cBiblioteca Nacional de Agricultura |
||
| 041 | _a(Pt) | ||
| 072 | _aH10 | ||
| 100 | 1 | _aCampos, T.B. de | |
| 100 | 1 | _aImenes, S. de L. | |
| 100 | 1 | _aBergmann, E.C. | |
| 100 | 1 | _aXavier, N.J.D. | |
| 100 | 1 | _aSantiago, I.M. | |
| 245 | 1 | _aAvaliacao do uso de fosfina na protecao de sementes de algodao contra infestacoes de Tribolium castoneum Herbst, 1797 (Coleoptera-Tenebrionidae) | |
| 650 | _aAlgodao | ||
| 650 | _aSemente | ||
| 650 | _aColeoptero | ||
| 650 | _aFosfina | ||
| 650 | _aControle Quimico | ||
| 650 | _aInfestacao | ||
| 773 | 0 |
_tRevista de Agricultura (Brazil) _xISSN 0034-7655 _g(Jun 1995), v. 70(1) p. 7-15 _wBR9508808 |
|
| 909 |
_a202311 _bLúcia _c55 _dLúcia Elande |
||
| 942 |
_2AGRIS _n0 _cANA |
||
| 999 |
_c151079 _d151079 |
||